000 00597nam a22001697a 4500
003 OSt
005 20260406121712.0
008 260406b |||||||| |||| 00| 0 eng d
040 _cMRSPTU
041 _aEnglish
100 _aMohit Agrawal, Supervisor: Dr. Rahul Deshmukh
245 _aNeuroprotective Potential of Fingolimod Against Aluminium Chloride Induced Experimental Dementia In Rats
260 _bDepartment of Pharmacy, MRSPTU, Bathinda
_c2019
650 _aPharmaceutical Sciences and Technology
856 _uhttp://163.47.215.52:8080/jspui/handle/123456789/144
942 _2ddc
_cTH
_n0
999 _c11291
_d11291